Content strategy for the Web
Describes the value of content strategy, discusses how to audit and analyze content, and looks at ways to maintain content over time.
में बचाया:
| मुख्य लेखक: | |
|---|---|
| स्वरूप: | पुस्तक |
| भाषा: | Undetermined |
| प्रकाशित: |
Berkeley, CA
New Riders
2012
|
| विषय: | |
| टैग : |
टैग जोड़ें
कोई टैग नहीं, इस रिकॉर्ड को टैग करने वाले पहले व्यक्ति बनें!
|
| Thư viện lưu trữ: | Trung tâm Học liệu Trường Đại học Cần Thơ |
|---|
| LEADER | 00736nam a2200205Ia 4500 | ||
|---|---|---|---|
| 001 | CTU_196307 | ||
| 008 | 210402s9999 xx 000 0 und d | ||
| 020 | |c 710000 | ||
| 082 | |a 006.7 | ||
| 082 | |b H157 | ||
| 100 | |a Halvorson, Kristina | ||
| 245 | 0 | |a Content strategy for the Web | |
| 245 | 0 | |c Kristina Halvorson, Melissa Rach ; foreword by Sarah Cancilla, Facebook | |
| 260 | |a Berkeley, CA | ||
| 260 | |b New Riders | ||
| 260 | |c 2012 | ||
| 520 | |a Describes the value of content strategy, discusses how to audit and analyze content, and looks at ways to maintain content over time. | ||
| 650 | |a Web site development,Phát triển trang web | ||
| 904 | |i Bằng | ||
| 980 | |a Trung tâm Học liệu Trường Đại học Cần Thơ | ||